| 000 | 02128nam a2200205 i 4500 | ||
|---|---|---|---|
| 001 | 172022 | ||
| 003 | ES-MaACL | ||
| 005 | 20230929062538.0 | ||
| 008 | 090610s1897 sp |||| | spa d | ||
| 080 | _a821.134.2 | ||
| 080 | _a811.134.2 | ||
| 110 | 2 |
_aReal Academia Española _96336 |
|
| 245 | 1 | 0 |
_aDiscursos leidos ante la Real Academia Española, _f1897 / _cReal Academia Española. |
| 260 |
_aMadrid : _b[s.n.], _c1897 ( _fImp. Viuda e Hijos de Tello) |
||
| 300 |
_a1 v. ; _c25 cm. |
||
| 505 | 8 | _aContiene: La sociedad presente como materia novelable / Benito Pérez Galdós (16 p.). Contestación / Marcelino Menéndez y Pelayo (p. 17-49). El drama histórico / Marqués de Pidal (64 p.). Contestación / Marcelino Menéndez y Pelayo (p. 65-86). El periodismo en España / Eugenio Sellés (41 p.). Discurso / José Echegaray (p. 43-63). La novela regional / José María de Pereda (28 p.). Contestación / Benito Pérez Galdós (p. 29-49). Literatura de la prensa / Isidoro Fernández Flórez (32 p.). Contestación / Juan Valera (p. 33-59). Informe leído el 12 de marzo de 1899 para la repartición de premios y socorros de la Fundación de San Gaspar (11 p.). Discurso en elogio de D. Manuel Tamayo y Baus / Alejandro Pidal y Mon (41 p. + 1 fot.). Del neologismo / Daniel de Cortázar (57 p.). Contestación / Eduardo Saavedra (p. 58-78). Oración fúnebre en las honras de Miguel de Cervantes y demás ingenios españoles / Antonio Hernández (26 p.). informe leído el 13 de mayo de 1900 para la repartición de premios y socorros de la Fundación de San Gaspar (15 p.). Discurso con motivo de la traslación de las cenizas de Goya, Meléndez Valdés, Fernández Moratín y Marqués de Valdegamas / Juan Valera (30 p.). Imitaciones del Quijote / Emilio Cotarelo y Morel (29 p.). Contestación / Alejandro Pidal y Mon (p. 30-52). Elogio de D. Emilio Castelar / Jacinto Octavio Picón (38 p.). Contestación / Juan Valera (p. 38-64). | |
| 545 | _aDed. autógrafa de Eugenio Sellés "Al Ateneo Científico y Literario de Madrid" | ||
| 852 |
_aES-MaACL _jK-148 _z- Enc. pasta española |
||
| 999 |
_c172022 _d172022 |
||